Schnelle Mathematik - Potenzrechnen Level 08 - Statistiken

Allgemein
  • Dieses Quiz wurde 101 mal gespielt
  • Das Durchschnittsergebnis liegt bei 11 aus 20
Antwortstatistiken
Zahl Ergebnis % Korrekt
10² 100
100%
10⁴ 10000
100%
125
100%
8⁴ 4096
100%
49
100%
64
100%
10³ 1000
86%
36
86%
81
86%
4⁶ 4096
80%
2⁸ 256
75%
10⁵ 100000
67%
2¹¹ 2048
67%
4⁴ 256
67%
64
67%
3⁶ 729
67%
6⁴ 1296
60%
3⁵ 243
60%
2¹⁵ 32768
60%
2¹⁰ 1024
50%
2¹⁴ 16384
50%
3⁹ 19683
50%
216
50%
3⁷ 2187
50%
512
50%
9⁴ 6561
50%
2¹³ 8192
50%
5⁶ 15625
43%
5⁵ 3125
43%
343
43%
7⁵ 16807
40%
7⁴ 2401
40%
3¹⁰ 59049
40%
9⁵ 59049
40%
5⁴ 625
40%
3⁸ 6561
40%
729
40%
6⁵ 7776
40%
4⁵ 1024
38%
2⁷ 128
33%
2¹² 4096
33%
5⁷ 78125
33%
4⁷ 16384
25%
8⁵ 32768
25%
2⁹ 512
20%
Keine übereinstimmenden Quizze gefunden
Verteilung der Resultate
Anzahl Personen mit jedem Resultat
Perzentil nach korrekt beantworteten Fragen
Ihre Resultats-Entwicklung
Sie haben dieses Quiz noch nicht gespielt